Дело о доставлении в комиссию очередных списков присяжных заседателей, имеющих право быть ими в 1911 году

Доступно только в Электронных читальных залах Найти на картеНа карте
RUSMARC
00003720nmc2a22002413x 450
00166b9e430-653f-426f-a65d-27489b8be4b2
00520200913084510.0
100##$a20200310l19101910k l0rusy0189 ca
1010#$arus
102##$aRU
105##$ay###
1222#$ad
2001#$aДело о доставлении в комиссию очередных списков присяжных заседателей, имеющих право быть ими в 1911 году
$j29 апреля - 15 сентября 1910 г.
215##$a26 л.
$d36,5х26 см
251##$cДело
300##$aНа бланке обложки указано: "Дело Санкт-Петербургской конторы императорских театров"
371##$aДокумент не является опубликованным и широко распространяемым
461#0$10019264ebf8-de62-4f1a-9eb4-9f22098dbbd5
$12001
$aДирекция императорских театров МИДв
$1251
$cФонд
$1852
$j497
462#0$10016d2858c7-947f-46a8-934e-c3d97596ebca
$12001
$aДирекция императорских театров (1879-1918 гг.)
$1251
$cОпись
$1852
$j6
801#0$aRU
$bРГИА
$c20200310
$gRCR
801#1$aRU
$bГлавНИВЦ
$c20200310
$2rusmarc
801#2$aRU
$bПБ им. Б.Н. Ельцина
$c20200913
$gRCR
$2rusmarc
850##$aРГИА
852##$aРГИА
$eФедеральное казенное учреждение "Российский государственный исторический архив" (РГИА)
$j4963
937##$hРГИА
$d12340034
$aASBIBLIO_SCAN
035##$aRusGRCC00001092
856##$uhttp://readingroom.main.prlib.ru/item.aspx?id_node=n147287498&mode=full
Формат отображения